Dashiell Hammett Bibliography - Statistics

General Stats
  • This quiz has been taken 5 times
  • The average score is 2 of 132
Answer Stats
Type Year Name % Correct
Novel 1930 The Maltese Falcon
100%
Novel 1934 The Thin Man
67%
Novel 1929 Red Harvest
33%
Short Story 1927 $106,000 Blood Money
0%
Short Story Collection 1943 $106,000 Blood Money
0%
Short Story 2014 Action and the Quiz Kid
0%
Short Story 1923-1926 Afraid of a Gun
0%
Novel 1935 After the Thin Man
0%
Screenplay 1936 After the Thin Man
0%
Short Story 2013 A Knife Will Cut for Anybody
0%
Short Story 1933 Albert Pastor at Home
0%
Short Story 1932 A Man Called Spade
0%
Short Story Collection 1944 A Man Called Spade and Other Stories
0%
Short Story 1961 A Man Called Thin
0%
Short Story Collection 1962 A Man Named Thin
0%
Short Story 2013 An Inch and a Half of Glory
0%
Short Story 1925 Another Perfect Crime
0%
Novel 1938 Another Thin Man
0%
Screenplay 1939 Another Thin Man
0%
Short Story 1923 Arson Plus
0%
Short Story 2014 A Throne for the Worm
0%
Short Story 1925 Ber-Bulu
0%
Short Story 1929 Black Honeymoon
0%
Short Story 1928 Black Lives
0%
Short Story 1929 Black Riddle
0%
Short Story 1923 Bodies Piled Up
0%
Screenplay 1945 Casablanca
0%
Screenplay 1931 City Streets
0%
Omnibus 1999 Complete Novels
0%
Short Story 1925 Corkscrew
0%
Short Story 1926 Creeping Siamese
0%
Anthology 1931 Creeps by Night; Chills and Thrills
0%
Short Story Collection 2001 Crime Stories and Other Writings
0%
Short Story 1927 Crime Wanted - Male or Female
0%
Short Story 1923 Crooked Souls
0%
Short Story 1925 Dead Yellow Women
0%
Short Story Collection 1947 Dead Yellow Women
0%
Short Story 1930 Death and Company
0%
Short Story 2014 Devil's Playground
0%
Short Story 1928 Dynamite
0%
Short Story 1924 Esther Entertains
0%
Short Story 2007 Faith
0%
Short Story 1929 Fly Paper
0%
Short Story 2014 Fragments of Justice
0%
Short Story Collection 1946 Hammett Homicides
0%
Short Story 1934 His Brother's Keeper
0%
Short Story 1923 Holiday
0%
Short Story 1922 Immortality
0%
Short Story 1923 It
0%
Short Story 1924 Itchy
0%
Short Story 1923 Laughing Masks
0%
Short Story Collection 2005 Lost Stories
0%
Short Story 2014 Magic
0%
Short Story 1925 Mike, Alec or Rufus?
0%
Screenplay 1935 Mister Dynamite
0%
Short Story 2014 Monk and Johnny Fox
0%
Short Story 2014 Nelson Redline
0%
Short Story 1924 Nightmare Town
0%
Short Story Collection 1948 Nightmare Town
0%
Short Story Collection 1989 Nightmare Town
0%
Short Story 1933 Night Shade
0%
Short Story 1924 Night Shots
0%
Short Story 1924 One Hour
0%
Short Story 1935 On the Make
0%
Short Story 1932 On the Way
0%
Screenplay Collection 2012 Return of the Thin Man
0%
Short Story 1925 Ruffian's Wife
0%
Short Story Collection 2015 Sam Spade: Volumes One and Two
0%
Comic Book 1934 Secret Agent X-9 Book 1
0%
Comic Book 1934 Secret Agent X-9 Book 2
0%
Letter Collection 2001 Selected Letters of Dashiell Hammett: 1921-1960
0%
Short Story 1938 Sequel to the Thin Man
0%
Short Story 2005 Seven Pages
0%
Short Story 1923 Slippery Fingers
0%
Short Story 1928 The 19th Murder
0%
Short Story Collection 1944 The Adventures of Sam Spade
0%
Short Story 1926-1930 The Advertising Man Writes a Love Letter
0%
Short Story 1923-1926 The Assistant Murderer
0%
Short Story 1922 The Barber and His Wife
0%
Non-Fiction Book 1944 The Battle of the Aleutians: A Graphic History, 1942-1943
0%
Short Story Collection 2017 The Big Book of the Continental Op
0%
Short Story 1927 The Big Knock-Over
0%
Short Story Collection 1966 The Big Knockover
0%
Short Story 2014 The Breech-Born
0%
Short Story 1927 The Cleansing of Posionville
0%
Short Story Collection 1945 The Continental Op
0%
Short Story Collection 1974 The Continental Op
0%
Short Story Collection 1950 The Creeping Siamese
0%
Short Story 1923 The Crusader
0%
Short Story 2011 The Cure
0%
Novel 1930 The Dain Curse
0%
Short Story 1929 The Diamond Wager
0%
Short Story 1923 The Dimple
0%
Short Story 1930 The Farewell Murder
0%
Short Story 1975 The First Thin Man
0%
Short Story 1924 The Girl with Silver Eyes
0%
Novel 1931 The Glass Key
0%
Short Story 1924 The Golden Horseshoe
0%
Short Story 1922 The Great Lovers
0%
Short Story 1923 The Green Elephant
0%
Short Story 1925 The Gutting of Couffignal
0%
Short Story 1928 The Hollow Temple
0%
Short Story 1924 The House in Turk Street
0%
Short Story 2014 The Hunter
0%
Short Story Collection 2014 The Hunter: And Other Stories
0%
Short Story 1923 The Joke on Eloise Money
0%
Short Story 1931 The Kiss-Off
0%
Short Story 2014 The Lovely Strangers
0%
Short Story 1927 The Main Death
0%
Short Story 1923-1926 The Man Who Killed Dan Odams
0%
Short Story 1923 The Master Mind
0%
Short Story 1922 The Parthian Shot
0%
Short Story 1922 The Road Home
0%
Short Story 1923 The Sardonic Star of Tom Doody
0%
Short Story 1925 The Scorched Face
0%
Short Story 1925 The Second Story Angel
0%
Short Story 2014 The Sign of the Potent Pills
0%
Short Story 1924 The Tenth Clew
0%
Short Story 1925 The Whosis Kid
0%
Short Story 1932 They Can Only Hang You Once
0%
Short Story 1928 This King Business
0%
Short Story 1934 This Little Pig
0%
Short Story 1932 Too Many Have Lived
0%
Unfinished Novel 1966 Tulip
0%
Short Story 1934 Two Sharp Knives
0%
Screenplay 1943 Watch on the Rhine
0%
Short Story 2014 Week--End
0%
Short Story 1924 Who Killed Bob Teal?
0%
Novella 1933 Woman in the Dark
0%
Short Story Collection 1988 Woman in the Dark
0%
Short Story 1924 Women, Politics and Murder
0%
Short Story 1924 Zigzags of Treachery
0%
No matching quizzes found
Score Distribution
Percent of People with Each Score
Percentile by Number Answered
Your Score History
You have not taken this quiz